| 000 | 00486nam a2200157Ia 4500 | ||
|---|---|---|---|
| 008 | 210716s2009 xx 000 0 und d | ||
| 020 | _a9788175967441 | ||
| 041 | _aeng | ||
| 082 | _a658.4012 MCDD | ||
| 100 | _aMcDowell, Don. | ||
| 245 |
_aStrategic intelligence: handbook for practitioners managers and users. _bHandbook for practitioners managers and users. |
||
| 250 | _a1 | ||
| 260 |
_aNew Delhi _bFoundation Press _c2009 |
||
| 300 | _aviii,272 | ||
| 650 | _aStrategic Management | ||
| 999 |
_c208517 _d208517 |
||